Hydrogeology and other selected reports.

Bibliographic Details
Corporate Author: Columbia University. University Seminar on Pollution and Water Resources
Format: Book
Language:English
Published: New York : Pergamon Press, [1982]
Series:Pollution and water resources, Columbia University seminar series ; v. 14, pt. 1.
Subjects:

MARC

Tag First Indicator Second Indicator Subfields
LEADER 00000cam a2200000 a 4500
001 in00000371018
005 20151011085437.0
008 821020s1982 nyua b 00000 eng d
035 |a (OCoLC)08875692 
035 |9 ABQ4948AM 
040 |a AZS  |c AZS  |d TXA  |d UtOrBLW 
049 |a TXAM  |c [1657311] 
090 |a TD355  |b  H9 1982 
245 0 0 |a Hydrogeology and other selected reports. 
264 1 |a New York :  |b Pergamon Press,  |c [1982] 
264 4 |c ©1982 
300 |a vii, 188 pages :  |b illustrations ;  |c 25 cm. 
336 |a text  |b txt  |2 rdacontent 
337 |a unmediated  |b n  |2 rdamedia 
338 |a volume  |b nc  |2 rdacarrier 
490 1 |a Pollution and water resources, Columbia University seminar series ;  |v v. 14, pt. 1 
504 |a Includes bibliographies. 
650 0 |a Hydrogeology. 
650 0 |a Hydrology, Karst. 
651 0 |a Saint Helens, Mount (Wash.)  |x Eruption, 1980. 
710 2 |a Columbia University.  |b University Seminar on Pollution and Water Resources. 
830 0 |a Pollution and water resources, Columbia University seminar series ;  |v v. 14, pt. 1. 
999 |a MARS 
999 f f |s c100dfc8-731d-3173-99df-3abc9b1a33e7  |i e8a843c0-0d2b-379b-b004-78ba9da5e5a8  |t 0 
952 f f |p ric  |a Texas A&M University  |b Rellis Campus  |c Joint Library Facility  |d Remote Storage  |t 0  |e TD355 H9 1982  |h Library of Congress classification  |i unmediated -- volume  |m A14807502660 
998 f f |a TD355 H9 1982  |t 0  |l Remote Storage